Middle Eastern Desserts by Images - Statistics

General Stats
  • This quiz has been taken 8 times
  • The average score is 3 of 15
Answer Stats
Picture Answer % Correct
Baklava
75%
Knafeh
50%
Turkish Delight
50%
Maamoul
25%
Barazek
13%
Basbousa
13%
Qatayef
13%
Umm Ali
13%
Faloodeh
0%
Ghraybeh
0%
Mahalabia
0%
Meghli
0%
Sfouf
0%
Tulumba
0%
Warbat
0%
No matching quizzes found
Score Distribution
Percent of People with Each Score
Percentile by Number Answered
Your Score History
You have not taken this quiz